Химмотология: учебное пособие; в 2 ч.

Detalles Bibliográficos
Autor Corporativo: Российский государственный университет нефти и газа им. И. М. Губкина (РГУ Нефти и Газа)
Summary:Посвящ. 85-летию РГУ нефти и газа им. И. М. Губкина
Idioma:ruso
Publicado: Москва, Изд-во РГУ нефти и газа, 2014
Formato: Libro
KOHA link:https://koha.lib.tpu.ru/cgi-bin/koha/opac-detail.pl?biblionumber=343231

MARC

LEADER 00000nam1a2200000 4500
001 343231
005 20231101034038.0
010 |a 9785919611110 
035 |a (RuTPU)RU\TPU\book\373104 
090 |a 343231 
100 |a 20190718d2014 m y0rusy50 ca 
101 0 |a rus 
102 |a RU 
200 1 |a Химмотология  |e учебное пособие  |e в 2 ч.  |f Российский государственный университет нефти и газа им. И. М. Губкина (РГУ Нефти и Газа) 
210 |a Москва  |c Изд-во РГУ нефти и газа  |d 2014 
300 |a Посвящ. 85-летию РГУ нефти и газа им. И. М. Губкина 
712 0 2 |a Российский государственный университет нефти и газа им. И. М. Губкина (РГУ Нефти и Газа)  |c (Москва)  |c (1998- )  |2 stltpush  |3 (RuTPU)RU\TPU\col\408 
801 1 |a RU  |b 63413507  |c 20190718 
942 |c BK